The Feynman lectures on physics

Αποθηκεύτηκε σε:
Λεπτομέρειες βιβλιογραφικής εγγραφής
Κύριος συγγραφέας: Feynman, Richard P. (Richard Phillips), 1918-1988
Άλλοι συγγραφείς: Sands, Matthew L. (Matthew Linzee), Leighton, Robert B.
Μορφή: Βιβλίο
Γλώσσα:English
Δημοσίευση: Reading, Mass. : Addison-Wesley, 1966-1977.
Θέματα:
Ετικέτες: Προσθήκη ετικέτας
Δεν υπάρχουν, Καταχωρήστε ετικέτα πρώτοι!

MARC

LEADER 00000cam a2200000 i 4500
001 1/691
008 950704m19661977mau| ||| |||| ||eng||
020 |a 0201021161   |q (τ. 1) 
020 |a 020102117X   |q (τ. 2) 
020 |a 0201021188   |q (τ. 3) 
035 |l 10014171 
040 |a GR-MyUa  |b gre  |e AACR2 
041 0 |a eng 
082 7 |a 530   |2 (22) 
100 1 |a Feynman, Richard P.   |q (Richard Phillips),   |d 1918-1988. 
245 1 4 |a The Feynman lectures on physics /   |c Richard P. Feynman, Robert B. Leighton, Matthew Sands. 
260 |a Reading, Mass. :   |b Addison-Wesley,   |c 1966-1977. 
300 |a 3 τ. ;   |c 29 εκ. 
505 8 |a Τ. 1. Mainly mechanics, radiation and heat -- τ. 2. Mainly electromagnetism and matter -- τ. 3. Quantum mechanics. 
650 0 0 |a Physics. 
700 1 |a Sands, Matthew L.   |q (Matthew Linzee) 
700 1 |a Leighton, Robert B. 
852 |a INST  |b LESVOS  |e 19950704  |h 530 FEY  |p 005100008074  |q 005100008074  |t BK  |y 0  |z v.1 
852 |a INST  |b LESVOS  |e 19950704  |h 530 FEY  |p 005100008075  |q 005100008075  |t BK  |y 0  |z v.2 
852 |a INST  |b LESVOS  |e 19950704  |h 530 FEY  |p 005100008076  |q 005100008076  |t BK  |y 0  |z v.3 
852 |a INST  |b LESVOS  |e 19991123  |h 530 FEY  |p 005100018977  |q 005100018977  |t BK  |y 0  |z v.3 
852 |a INST  |b LESVOS  |e 19991123  |h 530 FEY  |p 005100018978  |q 005100018978  |t BK  |y 0  |z v.2 
852 |a INST  |b LESVOS  |e 19991123  |h 530 FEY  |p 005100018979  |q 005100018979  |t BK  |y 0  |z v.1 
852 |a INST  |b LESVOS  |e 19950704  |h 530 FEY  |p 005100008074  |q 005100008074  |t BK  |v τ.1:  |y 0  |z v.1 
852 |a INST  |b LESVOS  |e 19950704  |h 530 FEY  |p 005100008075  |q 005100008075  |t BK  |v τ.2:  |y 0  |z v.2 
852 |a INST  |b LESVOS  |e 19950704  |h 530 FEY  |p 005100008076  |q 005100008076  |t BK  |v τ.3:  |y 0  |z v.3 
852 |a INST  |b LESVOS  |e 19991123  |h 530 FEY  |p 005100018977  |q 005100018977  |t BK  |v τ.3:  |y 0  |z v.3 
852 |a INST  |b LESVOS  |e 19991123  |h 530 FEY  |p 005100018978  |q 005100018978  |t BK  |v τ.2:  |y 0  |z v.2 
852 |a INST  |b LESVOS  |e 19991123  |h 530 FEY  |p 005100018979  |q 005100018979  |t BK  |v τ.1:  |y 0  |z v.1 
853 |a INST  |b LESVOS  |h 530 FEY 
922 |a 1ΕΛΗ  |b 199110  |c ΠΠ/1109 
922 |a 1ΕΛΗ  |b 199911  |c ΤΑΚ/ΜΥΡΙΤΖΗΣ  |d ΠΑΠΑΣΩΤΗΡΙΟΥ 
950 |a 182-1999-10-11